Guess the Sabrina Carpenter song (no hints) #4 - Statistics

General Stats
  • This quiz has been taken 139 times
  • The average score is 77 of 154
Answer Stats
Lyrics % Correct
I
100%
I,
100%
you
99%
the
91%
me
88%
me,
88%
your
83%
Ooh,
81%
love
79%
an
78%
so
75%
So
75%
you're
74%
and
73%
And
73%
to
73%
be
71%
in
70%
I'm
67%
my
67%
who
60%
for
59%
it's
58%
like
58%
want
57%
can't
56%
with
56%
If
52%
too
52%
all
51%
All
51%
are
51%
of
51%
boy
49%
Just
49%
not
49%
But
46%
got
42%
'Cause
41%
I've
41%
them
39%
had
38%
Been
36%
long,
36%
long
36%
bad
35%
out
35%
good
33%
that's
31%
tryna
31%
even
29%
reviews
28%
someone
28%
alone
27%
news
27%
still
27%
Still
27%
well,
27%
friends
26%
heard
26%
doesn't
24%
any
23%
choose
23%
eye,
23%
wrong
23%
close
22%
somethin'
22%
Couple
21%
cut
21%
loose
21%
boyfriend
20%
feelings,
20%
prove
20%
again
19%
almost
19%
another
19%
lose
19%
red
18%
blue
17%
flags
17%
fresh
17%
least
17%
Short
17%
careless,
16%
gut
16%
refuse
16%
rehab
16%
save
16%
fuse
14%
intentionally
14%
self-awareness
14%
baths
11%
judgment
10%
No matching quizzes found
Score Distribution
Percent of People with Each Score
Percentile by Number Answered
Your Score History
You have not taken this quiz